Regional imbalances and the national question in Pakistan (Record no. 62980)

000 -LEADER
fixed length control field 00506nam a22001817a 4500
003 - CONTROL NUMBER IDENTIFIER
control field NUST - PNEC
005 - DATE AND TIME OF LATEST TRANSACTION
control field 20170116180801.0
008 - FIXED-LENGTH DATA ELEMENTS--GENERAL INFORMATION
fixed length control field 150414b xxu||||| |||| 00| 0 eng d
020 ## - INTERNATIONAL STANDARD BOOK NUMBER
International Standard Book Number 9694020611
040 ## - CATALOGING SOURCE
Transcribing agency LIBRARY
082 ## - DEWEY DECIMAL CLASSIFICATION NUMBER
Classification number 320.9 ZAI
100 ## - MAIN ENTRY--PERSONAL NAME
9 (RLIN) 2560
Personal name Zaidi, S. Akbar
245 ## - TITLE STATEMENT
Title Regional imbalances and the national question in Pakistan
Statement of responsibility, etc. S.Akbar ZaidiP
260 ## - PUBLICATION, DISTRIBUTION, ETC.
Place of publication, distribution, etc. Pakistan
Name of publisher, distributor, etc. Vanguard
Date of publication, distribution, etc. c1992.
300 ## - PHYSICAL DESCRIPTION
Extent 361p. :
650 ## - SUBJECT ADDED ENTRY--TOPICAL TERM
9 (RLIN) 2561
Topical term or geographic name entry element Political science
General subdivision General
942 ## - ADDED ENTRY ELEMENTS (KOHA)
Source of classification or shelving scheme
Koha item type Book
Holdings
Withdrawn status Lost status Source of classification or shelving scheme Damaged status Not for loan Permanent Location Current Location Shelving location Date acquired Source of acquisition Cost, normal purchase price Total Checkouts Full call number Barcode Date last seen Cost, replacement price Price effective from Koha item type
          Pakistan Navy Engineering College (PNEC) Pakistan Navy Engineering College (PNEC)   07/05/1992 Vangaurd Books 327.00   320.9 ZAI PNECLIB-016402 04/14/2015 327.00 04/14/2015 Book
© 2023 Central Library, National University of Sciences and Technology. All Rights Reserved.